[Event "DEM U10 2018"]
[Site "Willingen GER"]
[Date "2018.05.24"]
[Round "8"]
[White "Sommer, Justus"]
[Black "Kocharin, Timur"]
[Result "1-0"]
[Termination "normal"]
[Board "7"]
[WhiteElo "1459"]
[BlackElo "1280"]
[WhiteClock "00:51:47"]
[BlackClock "00:18:22"]
[PlyCount "157"]
[WhiteFideId "16245008"]
[BlackFideId "16240936"]
[EventCountry "GER"]
[EventRounds "11"]
[EventType "swiss"]
[EventDate "2018.05.19"]

1. e4 {[%clk 1:15:55]} 1... c5 {[%clk 1:15:48]} 2. c3 {[%clk 1:16:11]} 2... d5
{[%clk 1:15:56]} 3. exd5 {[%clk 1:16:28]} 3... Qxd5 {[%clk 1:16:00]} 4. d4 {
[%clk 1:16:42]} 4... Nf6 {[%clk 1:16:09]} 5. Nf3 {[%clk 1:16:42]} 5... Bg4 {
[%clk 1:15:52]} 6. Be2 {[%clk 1:16:39]} 6... e6 {[%clk 1:15:54]} 7. Nbd2 {
[%clk 1:11:33]} 7... Nc6 {[%clk 1:14:19]} 8. Nb3 {[%clk 1:11:43]} 8... cxd4 {
[%clk 1:12:14]} 9. Nbxd4 {[%clk 1:08:34]} 9... Nxd4 {[%clk 1:09:59]} 10. Qxd4 {
[%clk 1:07:17]} 10... Qxd4 {[%clk 1:08:22]} 11. Nxd4 {[%clk 1:04:41]} 11...
Bxe2 {[%clk 1:08:23]} 12. Kxe2 {[%clk 1:04:42]} 12... Bc5 {[%clk 1:07:15]} 13.
Be3 {[%clk 1:03:17]} 13... Ke7 {[%clk 1:03:28]} 14. Nf5+ {[%clk 1:01:30]} 14...
exf5 {[%clk 1:02:50]} 15. Bxc5+ {[%clk 1:01:42]} 15... Kd7 {[%clk 1:02:29]} 16.
Rhe1 {[%clk 0:59:48]} 16... Rhe8+ {[%clk 1:01:27]} 17. Kd3 {[%clk 0:58:45]}
17... Ne4 {[%clk 0:58:17]} 18. Bd4 {[%clk 0:58:16]} 18... Rad8 {[%clk 0:50:48]}
19. f3 {[%clk 0:57:43]} 19... Nf6 {[%clk 0:49:42]} 20. Bxa7 {[%clk 0:54:39]}
20... Kc6+ {[%clk 0:37:35]} 21. Bd4 {[%clk 0:54:37]} 21... Nd5 {[%clk 0:30:23]}
22. g3 {[%clk 0:52:04]} 22... f6 {[%clk 0:26:11]} 23. c4 {[%clk 0:47:46]} 23...
Nb4+ {[%clk 0:23:53]} 24. Kc3 {[%clk 0:47:50]} 24... Rxe1 {[%clk 0:24:16]} 25.
Rxe1 {[%clk 0:47:59]} 25... Rxd4 {[%clk 0:24:34]} 26. Kxb4 {[%clk 0:48:01]}
26... Rd2 {[%clk 0:24:53]} 27. Re6+ {[%clk 0:44:59]} 27... Kd7 {[%clk 0:25:11]}
28. Rb6 {[%clk 0:45:07]} 28... Kc7 {[%clk 0:23:07]} 29. Kc5 {[%clk 0:44:48]}
29... Rxh2 {[%clk 0:22:30]} 30. Re6 {[%clk 0:44:40]} 30... Rd2 {[%clk 0:20:34]}
31. b4 {[%clk 0:42:49]} 31... Rd7 {[%clk 0:19:41]} 32. b5 {[%clk 0:42:29]}
32... Rf7 {[%clk 0:19:08]} 33. b6+ {[%clk 0:41:34]} 33... Kd7 {[%clk 0:18:14]}
34. Kd5 {[%clk 0:41:24]} 34... Rf8 {[%clk 0:17:38]} 35. Rd6+ {[%clk 0:40:28]}
35... Kc8 {[%clk 0:14:45]} 36. c5 {[%clk 0:39:07]} 36... Re8 {[%clk 0:14:37]}
37. Re6 {[%clk 0:37:02]} 37... Rd8+ {[%clk 0:11:59]} 38. Rd6 {[%clk 0:37:14]}
38... Re8 {[%clk 0:12:13]} 39. c6 {[%clk 0:37:11]} 39... Re5+ {[%clk 0:12:36]}
40. Kd4 {[%clk 0:37:22]} 40... bxc6 {[%clk 0:12:38]} 41. Rxc6+ {[%clk 0:37:19]}
41... Kb7 {[%clk 0:12:33]} 42. Rc7+ {[%clk 0:37:33]} 42... Kxb6 {[%clk 0:12:19]
} 43. Rxg7 {[%clk 0:37:51]} 43... Ra5 {[%clk 0:10:56]} 44. Rxh7 {[%clk 0:37:27]
} 44... Ra3 {[%clk 0:10:28]} 45. Rf7 {[%clk 0:36:10]} 45... Rxf3 { [%clk
0:10:21]} 46. Rxf6+ {[%clk 0:36:23]} 46... Kc7 {[%clk 0:10:23]} 47. Rg6 { [%clk
0:36:17]} 47... Ra3 {[%clk 0:09:29]} 48. Ke5 {[%clk 0:36:23]} 48... Ra5+ {[%clk
0:09:38]} 49. Kf6 {[%clk 0:36:12]} 49... Kd7 {[%clk 0:09:49]} 50. Rg5 { [%clk
0:35:53]} 50... Rxa2 {[%clk 0:09:28]} 51. Rxf5 {[%clk 0:35:23]} 51... Ra6+
{[%clk 0:10:00]} 52. Kf7 {[%clk 0:35:17]} 52... Ra4 {[%clk 0:09:02]} 53. Rf4
{[%clk 0:35:09]} 53... Ra3 {[%clk 0:08:34]} 54. g4 {[%clk 0:35:06]} 54... Rg3
{[%clk 0:08:53]} 55. Rd4+ {[%clk 0:34:22]} 55... Kc6 {[%clk 0:09:02]} 56. Kf6
{[%clk 0:34:17]} 56... Kc5 {[%clk 0:08:38]} 57. Rf4 {[%clk 0:34:26]} 57... Ra3
{[%clk 0:07:45]} 58. g5 {[%clk 0:34:32]} 58... Kd5 {[%clk 0:07:38]} 59. g6
{[%clk 0:33:45]} 59... Ra6+ {[%clk 0:07:52]} 60. Kf7 {[%clk 0:33:30]} 60...
Ra7+ {[%clk 0:07:41]} 61. Kg8 {[%clk 0:33:36]} 61... Ke6 {[%clk 0:06:41]} 62.
g7 {[%clk 0:33:47]} 62... Ra1 {[%clk 0:06:16]} 63. Rh4 {[%clk 0:33:15]} 63...
Kf6 {[%clk 0:01:36]} 64. Kh8 {[%clk 0:33:05]} 64... Kg5 {[%clk 0:01:28]} 65.
g8=Q+ {[%clk 0:33:00]} 65... Kxh4 {[%clk 0:01:45]} 66. Qc4+ {[%clk 0:33:10]}
66... Kg5 {[%clk 0:01:42]} 67. Qd5+ {[%clk 0:33:25]} 67... Kg6 {[%clk 0:00:59]}
68. Qe6+ {[%clk 0:33:02]} 68... Kg5 {[%clk 0:15:17]} 69. Qe5+ {[%clk 0:48:22]}
69... Kg4 {[%clk 0:15:41]} 70. Qxa1 {[%clk 0:48:37]} 70... Kf3 {[%clk 0:15:51]}
71. Qd4 {[%clk 0:48:58]} 71... Ke2 {[%clk 0:16:13]} 72. Qc3 {[%clk 0:49:19]}
72... Kd1 {[%clk 0:16:09]} 73. Qb2 {[%clk 0:49:36]} 73... Ke1 {[%clk 0:16:33]}
74. Kg7 {[%clk 0:50:01]} 74... Kf1 {[%clk 0:16:55]} 75. Kf6 {[%clk 0:50:20]}
75... Kg1 {[%clk 0:17:15]} 76. Kg5 {[%clk 0:50:41]} 76... Kh1 {[%clk 0:17:37]}
77. Kg4 {[%clk 0:51:04]} 77... Kg1 {[%clk 0:18:01]} 78. Kg3 {[%clk 0:51:22]}
78... Kf1 {[%clk 0:18:22]} 79. Qf2# {[%clk 0:51:47]} 1-0

[Event "DEM U10 2018"]
[Site "Willingen GER"]
[Date "2018.05.24"]
[Round "8"]
[White "Sundui, Chinguun"]
[Black "Kiefhaber, Tobias"]
[Result "1-0"]
[Termination "normal"]
[Board "8"]
[WhiteElo "1424"]
[BlackElo "1551"]
[WhiteClock "00:06:12"]
[BlackClock "00:00:44"]
[PlyCount "80"]
[WhiteFideId "4907930"]
[BlackFideId "16240693"]
[EventCountry "GER"]
[EventRounds "11"]
[EventType "swiss"]
[EventDate "2018.05.19"]

1. d4 {[%clk 1:16:00]} 1... Nf6 {[%clk 1:15:25]} 2. Nf3 {[%clk 1:16:29]} 2...
c5 {[%clk 1:15:38]} 3. d5 {[%clk 1:16:38]} 3... b5 {[%clk 1:15:35]} 4. Bf4 {
[%clk 1:16:16]} 4... d6 {[%clk 1:15:25]} 5. e3 {[%clk 1:13:00]} 5... a6 { [%clk
1:13:47]} 6. c4 {[%clk 1:12:19]} 6... bxc4 {[%clk 1:09:48]} 7. Bxc4 { [%clk
1:12:48]} 7... g6 {[%clk 1:05:22]} 8. Nc3 {[%clk 1:11:21]} 8... Bg7 { [%clk
1:02:18]} 9. Qc2 {[%clk 1:11:36]} 9... O-O {[%clk 1:00:34]} 10. O-O { [%clk
1:07:52]} 10... Bg4 {[%clk 0:57:06]} 11. Be2 Qd7 12. Rac1 {[%clk 0:46:54] }
12... Qf5 {[%clk 0:28:42]} 13. Bd3 13... Qh5 {[%clk 0:23:41]} 14. Be2 { [%clk
0:19:15]} 14... Nxd5 {[%clk 0:18:00]} 15. Nxd5 {[%clk 0:19:02]} 15... Qxd5
{[%clk 0:18:02]} 16. Rfd1 {[%clk 0:18:50]} 16... Qb7 {[%clk 0:15:37]} 17. b3
{[%clk 0:17:03]} 17... Bf5 {[%clk 0:14:25]} 18. Qd2 {[%clk 0:16:40]} 18... Qb4
{[%clk 0:13:00]} 19. Qxb4 {[%clk 0:15:39]} 19... cxb4 {[%clk 0:13:14]} 20. Rc7
{[%clk 0:15:04]} 20... Nd7 {[%clk 0:12:08]} 21. Nd4 21... Bxd4 { [%clk
0:11:23]} 22. exd4 {[%clk 0:13:47]} 22... Rac8 {[%clk 0:10:59]} 23. Rdc1 {[%clk
0:14:10]} 23... Rxc7 {[%clk 0:10:06]} 24. Rxc7 {[%clk 0:14:38]} 24... e5 {[%clk
0:09:43]} 25. dxe5 {[%clk 0:14:47]} 25... dxe5 {[%clk 0:10:01]} 26. Bh6 {[%clk
0:14:41]} 26... Ra8 {[%clk 0:09:28]} 27. Bxa6 {[%clk 0:14:51]} 27... Nf8 {[%clk
0:07:20]} 28. Re7 {[%clk 0:09:06]} 28... Ne6 {[%clk 0:05:06]} 29. Bc4 { [%clk
0:08:24]} 29... Rd8 {[%clk 0:03:40]} 30. h3 {[%clk 0:08:37]} 30... Rd1+ { [%clk
0:00:47]} 31. Kh2 {[%clk 0:08:42]} 31... Rd8 {[%clk 0:01:06]} 32. Rb7 { [%clk
0:07:58]} 32... Bb1 {[%clk 0:01:18]} 33. Bxe6 {[%clk 0:07:44]} 33... fxe6 34.
Rxb4 {[%clk 0:07:43]} 34... Bxa2 {[%clk 0:01:52]} 35. Rb7 {[%clk 0:07:45]}
35... Bb1 {[%clk 0:00:52]} 36. f3 {[%clk 0:07:30]} 36... Ba2 {[%clk 0:00:33]}
37. b4 {[%clk 0:07:20]} 37... Bd5 {[%clk 0:00:52]} 38. Rb6 {[%clk 0:07:17]}
38... Kf7 {[%clk 0:00:34]} 39. Bg5 {[%clk 0:07:19]} 39... Rc8 {[%clk 0:00:44]}
40. Kg3 {[%clk 0:06:12]} 40... Ke8 1-0

[Event "DEM U10 2018"]
[Site "Willingen GER"]
[Date "2018.05.24"]
[Round "8"]
[White "Möller, Maurin"]
[Black "Strehse, Nelson"]
[Result "1-0"]
[Termination "normal"]
[Board "9"]
[WhiteElo "1500"]
[BlackElo "1201"]
[WhiteClock "00:59:13"]
[BlackClock "00:13:09"]
[PlyCount "47"]
[WhiteFideId "16265696"]
[BlackFideId "16228898"]
[EventCountry "GER"]
[EventRounds "11"]
[EventType "swiss"]
[EventDate "2018.05.19"]

1. e4 {[%clk 1:15:59]} 1... c5 {[%clk 1:15:52]} 2. Nc3 {[%clk 1:16:25]} 2... g6
{[%clk 1:16:08]} 3. f4 {[%clk 1:16:49]} 3... Bg7 {[%clk 1:15:50]} 4. Bc4 {
[%clk 1:17:10]} 4... Nc6 {[%clk 1:15:09]} 5. Nf3 5... d6 {[%clk 1:08:26]} 6. d3
{[%clk 1:17:38]} 6... Nf6 {[%clk 1:08:36]} 7. O-O {[%clk 1:17:50]} 7... O-O {
[%clk 1:03:40]} 8. Bd2 {[%clk 1:14:58]} 8... a6 {[%clk 0:54:02]} 9. a4 { [%clk
1:15:24]} 9... Bd7 {[%clk 0:53:18]} 10. Qe1 {[%clk 1:15:11]} 10... Be6 { [%clk
0:31:39]} 11. Bxe6 {[%clk 1:10:00]} 11... fxe6 {[%clk 0:31:57]} 12. Qh4 { [%clk
1:10:27]} 12... Nh5 {[%clk 0:29:41]} 13. Ng5 {[%clk 0:56:37]} 13... Bf6 { [%clk
0:28:15]} 14. Qh3 {[%clk 0:56:27]} 14... Bd4+ {[%clk 0:17:22]} 15. Kh1 { [%clk
0:56:46]} 15... Rf6 {[%clk 0:16:28]} 16. g4 {[%clk 0:56:59]} 16... h6 { [%clk
0:15:38]} 17. gxh5 {[%clk 0:57:14]} 17... hxg5 {[%clk 0:15:54]} 18. fxg5 {[%clk
0:57:30]} 18... Rxf1+ {[%clk 0:15:19]} 19. Rxf1 {[%clk 0:57:56]} 19... gxh5
{[%clk 0:12:25]} 20. Qxe6+ {[%clk 0:58:16]} 20... Kh8 {[%clk 0:12:32]} 21. Qh6+
{[%clk 0:58:36]} 21... Kg8 {[%clk 0:12:43]} 22. g6 {[%clk 0:58:48]} 22... Bf6
{[%clk 0:12:50]} 23. Qh7+ {[%clk 0:59:13]} 23... Kf8 {[%clk 0:13:09]} 24. Qf7#
1-0

[Event "DEM U10 2018"]
[Site "Willingen GER"]
[Date "2018.05.24"]
[Round "8"]
[White "Linnemann, Caspar"]
[Black "Korek, Jakob Alexander"]
[Result "1/2-1/2"]
[Termination "normal"]
[Board "10"]
[WhiteElo "1408"]
[BlackElo "1517"]
[WhiteClock "00:25:52"]
[BlackClock "00:25:56"]
[PlyCount "104"]
[WhiteFideId "16200284"]
[BlackFideId "16240022"]
[EventCountry "GER"]
[EventRounds "11"]
[EventType "swiss"]
[EventDate "2018.05.19"]

1. e4 {[%clk 1:15:57]} 1... c5 {[%clk 1:15:51]} 2. Nf3 {[%clk 1:16:11]} 2... e6
{[%clk 1:16:09]} 3. d4 {[%clk 1:16:33]} 3... cxd4 {[%clk 1:16:30]} 4. Nxd4 {
[%clk 1:16:55]} 4... Qb6 {[%clk 1:16:40]} 5. Nb3 {[%clk 1:17:06]} 5... Nf6 {
[%clk 1:16:52]} 6. Bd3 {[%clk 1:16:46]} 6... Nc6 {[%clk 1:16:51]} 7. O-O {
[%clk 1:16:36]} 7... Be7 {[%clk 1:16:56]} 8. Kh1 {[%clk 1:15:47]} 8... a6 {
[%clk 1:16:55]} 9. f4 {[%clk 1:15:42]} 9... d6 {[%clk 1:17:02]} 10. Qe2 { [%clk
1:15:22]} 10... Qc7 {[%clk 1:16:48]} 11. Nc3 {[%clk 1:14:59]} 11... b5 { [%clk
1:16:43]} 12. a3 {[%clk 1:15:05]} 12... O-O {[%clk 1:16:39]} 13. Bd2 { [%clk
1:15:16]} 13... Bb7 {[%clk 1:16:38]} 14. Rae1 {[%clk 1:14:47]} 14... Rfd8
{[%clk 1:15:08]} 15. e5 {[%clk 1:14:19]} 15... Ne8 {[%clk 1:14:22]} 16. Qh5 {
[%clk 1:13:23]} 16... g6 {[%clk 1:12:41]} 17. Qe2 {[%clk 1:13:05]} 17... d5 {
[%clk 1:12:19]} 18. Qf2 {[%clk 1:11:11]} 18... Ng7 {[%clk 1:11:39]} 19. Be3 {
[%clk 1:10:56]} 19... Qd7 {[%clk 1:09:35]} 20. Bc5 {[%clk 1:01:31]} 20... Rac8
{[%clk 1:08:33]} 21. Bb6 {[%clk 0:54:03]} 21... Re8 {[%clk 1:06:21]} 22. Nc5 {
[%clk 0:52:27]} 22... Bxc5 {[%clk 1:06:20]} 23. Bxc5 {[%clk 0:52:43]} 23... Ne7
{[%clk 1:05:42]} 24. Bd4 {[%clk 0:48:56]} 24... Nef5 {[%clk 1:04:37]} 25. Bxf5
{[%clk 0:44:42]} 25... Nxf5 {[%clk 1:04:44]} 26. Rd1 {[%clk 0:44:15]} 26...
Red8 {[%clk 1:03:56]} 27. Rfe1 {[%clk 0:41:53]} 27... Qc6 {[%clk 0:56:51]} 28.
Rd2 {[%clk 0:40:00]} 28... Qc4 {[%clk 0:49:16]} 29. Red1 {[%clk 0:38:10]} 29...
Qc6 {[%clk 0:47:18]} 30. Rc1 {[%clk 0:34:50]} 30... Qd7 {[%clk 0:43:52]} 31.
Ne2 {[%clk 0:33:39]} 31... Qe7 {[%clk 0:40:00]} 32. c3 {[%clk 0:32:40]} 32...
Rc6 {[%clk 0:37:43]} 33. Ng3 {[%clk 0:31:04]} 33... Nxd4 {[%clk 0:35:53]} 34.
Rxd4 {[%clk 0:31:02]} 34... Rc4 {[%clk 0:35:00]} 35. Rcd1 {[%clk 0:30:03]}
35... Rdc8 {[%clk 0:32:15]} 36. Rxc4 {[%clk 0:27:52]} 36... dxc4 { [%clk
0:32:12]} 37. Qd2 {[%clk 0:27:46]} 37... Kf8 {[%clk 0:31:29]} 38. Qd6 { [%clk
0:26:14]} 38... Qxd6 {[%clk 0:30:10]} 39. Rxd6 {[%clk 0:26:33]} 39... Rc6
{[%clk 0:29:06]} 40. Rxc6 {[%clk 0:26:45]} 40... Bxc6 {[%clk 0:29:20]} 41. Ne2
{[%clk 0:26:56]} 41... Ke7 {[%clk 0:28:54]} 42. Kg1 {[%clk 0:27:04]} 42... Kd7
{[%clk 0:28:58]} 43. Kf2 {[%clk 0:27:08]} 43... Kc7 {[%clk 0:28:10]} 44. g3 {
[%clk 0:27:09]} 44... Kb6 {[%clk 0:28:14]} 45. Nd4 {[%clk 0:27:04]} 45... Kc5 {
[%clk 0:27:13]} 46. Nxc6 {[%clk 0:26:57]} 46... Kxc6 {[%clk 0:27:28]} 47. Ke3 {
[%clk 0:27:13]} 47... Kd5 {[%clk 0:27:18]} 48. h3 {[%clk 0:27:06]} 48... a5 {
[%clk 0:27:12]} 49. g4 {[%clk 0:26:39]} 49... h6 {[%clk 0:26:27]} 50. h4 {
[%clk 0:26:32]} 50... a4 {[%clk 0:26:22]} 51. g5 {[%clk 0:25:33]} 51... h5 {
[%clk 0:26:32]} 52. Kf3 {[%clk 0:25:52]} 52... Kc6 {[%clk 0:25:56]} 1/2-1/2

[Event "DEM U10 2018"]
[Site "Willingen GER"]
[Date "2018.05.24"]
[Round "8"]
[White "Hoppstädter, Daniel"]
[Black "Puchas, Henrik"]
[Result "1/2-1/2"]
[Termination "normal"]
[Board "11"]
[WhiteElo "1219"]
[BlackElo "1439"]
[WhiteClock "00:44:13"]
[BlackClock "00:06:39"]
[PlyCount "131"]
[WhiteFideId "16243625"]
[BlackFideId "16257995"]
[EventCountry "GER"]
[EventRounds "11"]
[EventType "swiss"]
[EventDate "2018.05.19"]

1. e4 {[%clk 1:15:56]} 1... e5 {[%clk 1:15:52]} 2. Nf3 {[%clk 1:16:08]} 2...
Nc6 {[%clk 1:16:03]} 3. Bc4 {[%clk 1:16:23]} 3... Bc5 {[%clk 1:16:19]} 4. c3 {
[%clk 1:16:30]} 4... Nf6 {[%clk 1:16:31]} 5. d4 {[%clk 1:16:33]} 5... exd4 {
[%clk 1:16:39]} 6. e5 {[%clk 1:16:19]} 6... d5 {[%clk 1:16:39]} 7. Bb5 { [%clk
1:16:28]} 7... Ne4 {[%clk 1:16:59]} 8. cxd4 {[%clk 1:16:42]} 8... Bb6 { [%clk
1:17:16]} 9. O-O {[%clk 1:15:01]} 9... O-O {[%clk 1:14:13]} 10. Be3 { [%clk
1:13:29]} 10... Bg4 {[%clk 1:14:03]} 11. Bxc6 {[%clk 1:12:04]} 11... bxc6
{[%clk 1:12:44]} 12. Qc2 {[%clk 1:08:55]} 12... Bd7 {[%clk 0:57:09]} 13. a4 {
[%clk 0:58:44]} 13... a5 {[%clk 0:55:53]} 14. Nbd2 {[%clk 0:58:40]} 14... Nxd2
{[%clk 0:56:00]} 15. Bxd2 {[%clk 0:58:42]} 15... f6 {[%clk 0:56:02]} 16. exf6 {
[%clk 0:56:51]} 16... Qxf6 {[%clk 0:53:27]} 17. Bg5 {[%clk 0:56:08]} 17... Qd6
{[%clk 0:51:48]} 18. Bh4 {[%clk 0:51:57]} 18... Rae8 {[%clk 0:49:24]} 19. Bg3 {
[%clk 0:47:51]} 19... Qf6 {[%clk 0:43:36]} 20. Ne5 {[%clk 0:46:42]} 20... Re7 {
[%clk 0:43:26]} 21. Nf3 {[%clk 0:42:12]} 21... h6 {[%clk 0:30:01]} 22. Be5 {
[%clk 0:40:06]} 22... Qf5 {[%clk 0:29:57]} 23. Qxf5 {[%clk 0:40:28]} 23... Bxf5
{[%clk 0:30:18]} 24. Nh4 {[%clk 0:40:38]} 24... Bh7 {[%clk 0:29:51]} 25. Rac1 {
[%clk 0:39:52]} 25... Re6 {[%clk 0:28:07]} 26. f4 {[%clk 0:39:26]} 26... Bf5 {
[%clk 0:28:13]} 27. Nxf5 {[%clk 0:39:00]} 27... Rxf5 {[%clk 0:28:35]} 28. g4 {
[%clk 0:38:57]} 28... Rg6 {[%clk 0:28:38]} 29. h3 {[%clk 0:38:32]} 29... h5 {
[%clk 0:25:34]} 30. Rf3 {[%clk 0:38:33]} 30... hxg4 {[%clk 0:17:15]} 31. Rg3 {
[%clk 0:38:37]} 31... Rxe5 {[%clk 0:13:27]} 32. fxe5 {[%clk 0:38:48]} 32...
Bxd4+ {[%clk 0:13:50]} 33. Kg2 {[%clk 0:38:44]} 33... Bxe5 {[%clk 0:14:12]} 34.
Rxg4 {[%clk 0:39:00]} 34... Rd6 {[%clk 0:13:43]} 35. b4 {[%clk 0:38:59]} 35...
d4 {[%clk 0:09:19]} 36. bxa5 {[%clk 0:39:01]} 36... Rd5 {[%clk 0:09:34]} 37. a6
{[%clk 0:39:07]} 37... Ra5 {[%clk 0:09:50]} 38. Rxc6 {[%clk 0:39:22]} 38...
Rxa4 {[%clk 0:09:46]} 39. Re4 {[%clk 0:39:05]} 39... Bd6 {[%clk 0:09:48]} 40.
Kf2 {[%clk 0:39:11]} 40... Ra2+ {[%clk 0:09:52]} 41. Re2 {[%clk 0:39:22]} 41...
Ra4 {[%clk 0:09:39]} 42. Kf3 {[%clk 0:39:14]} 42... Kf7 {[%clk 0:09:47]} 43.
Ke4 {[%clk 0:39:18]} 43... Ke7 {[%clk 0:09:49]} 44. Rd2 {[%clk 0:36:46]} 44...
Kd7 {[%clk 0:10:08]} 45. Rcc2 {[%clk 0:35:50]} 45... Rxa6 {[%clk 0:06:53]} 46.
Rxd4 {[%clk 0:36:12]} 46... Ra8 {[%clk 0:07:06]} 47. Rg2 {[%clk 0:36:18]} 47...
Rg8 {[%clk 0:07:26]} 48. Kf5 {[%clk 0:36:15]} 48... Ke7 {[%clk 0:05:55]} 49.
Kg6 {[%clk 0:36:09]} 49... Rh8 {[%clk 0:04:13]} 50. Rd3 {[%clk 0:36:01]} 50...
Be5 {[%clk 0:01:42]} 51. Re2 {[%clk 0:36:09]} 51... Rh6+ {[%clk 0:01:54]} 52.
Kg5 {[%clk 0:36:20]} 52... Re6 {[%clk 0:01:43]} 53. Kh5 {[%clk 0:34:34]} 53...
Rh6+ {[%clk 0:01:51]} 54. Kg4 {[%clk 0:34:34]} 54... Rg6+ {[%clk 0:14:19]} 55.
Kf3 {[%clk 0:49:30]} 55... Kf6 {[%clk 0:13:48]} 56. Ke4 {[%clk 0:48:55]} 56...
Rh6 {[%clk 0:11:30]} 57. Rg2 {[%clk 0:47:19]} 57... Ke6 {[%clk 0:10:54]} 58.
Re3 {[%clk 0:44:56]} 58... Rf6 {[%clk 0:09:31]} 59. Rxg7 {[%clk 0:44:32]} 59...
Kd6 {[%clk 0:08:38]} 60. Rd3+ {[%clk 0:44:11]} 60... Ke6 {[%clk 0:08:44]} 61.
Rg8 {[%clk 0:44:11]} 61... Bd6 {[%clk 0:06:55]} 62. Ke3 {[%clk 0:43:48]} 62...
Kf7 {[%clk 0:06:37]} 63. Rg2 {[%clk 0:43:41]} 63... Ke6 {[%clk 0:06:44]} 64. h4
{[%clk 0:43:53]} 64... Rh6 {[%clk 0:06:31]} 65. Rd4 {[%clk 0:43:58]} 65... Bc5
{[%clk 0:06:39]} 66. Rgg4 {[%clk 0:44:13]} 1/2-1/2

[Event "DEM U10 2018"]
[Site "Willingen GER"]
[Date "2018.05.24"]
[Round "8"]
[White "Krüger, Aurelian"]
[Black "Cilo, Selimhan"]
[Result "1-0"]
[Termination "normal"]
[Board "12"]
[WhiteElo "1469"]
[BlackElo "1400"]
[WhiteClock "01:05:49"]
[BlackClock "00:56:29"]
[PlyCount "45"]
[WhiteFideId "16230400"]
[BlackFideId "16246756"]
[EventCountry "GER"]
[EventRounds "11"]
[EventType "swiss"]
[EventDate "2018.05.19"]

1. e4 {[%clk 1:15:58]} 1... c5 {[%clk 1:15:49]} 2. d4 {[%clk 1:16:21]} 2...
cxd4 {[%clk 1:15:56]} 3. c3 {[%clk 1:16:47]} 3... d5 {[%clk 1:16:11]} 4. exd5 {
[%clk 1:16:23]} 4... Qxd5 {[%clk 1:16:13]} 5. cxd4 {[%clk 1:16:39]} 5... Nc6 {
[%clk 1:15:56]} 6. Nf3 {[%clk 1:17:00]} 6... e5 {[%clk 1:15:41]} 7. Nc3 { [%clk
1:15:27]} 7... Bb4 {[%clk 1:15:35]} 8. Bd2 {[%clk 1:15:50]} 8... Bxc3 { [%clk
1:15:49]} 9. Bxc3 {[%clk 1:16:16]} 9... e4 {[%clk 1:16:01]} 10. Ne5 { [%clk
1:15:27]} 10... Nf6 {[%clk 1:13:25]} 11. Bc4 {[%clk 1:15:40]} 11... Qd6 { [%clk
1:10:04]} 12. Nxf7 {[%clk 1:15:01]} 12... Qc7 {[%clk 1:08:58]} 13. Nxh8 { [%clk
1:14:00]} 13... Bg4 {[%clk 1:07:12]} 14. Qd2 {[%clk 1:12:13]} 14... O-O-O
{[%clk 1:06:07]} 15. Nf7 {[%clk 1:11:42]} 15... Rd7 {[%clk 1:05:11]} 16. O-O {
[%clk 1:08:43]} 16... Kb8 {[%clk 1:04:27]} 17. Ng5 {[%clk 1:07:54]} 17... Nxd4
18. Bxd4 {[%clk 1:05:25]} 18... Qxc4 {[%clk 0:58:49]} 19. Qf4+ {[%clk 1:05:34]}
19... Ka8 {[%clk 0:57:57]} 20. Bxf6 {[%clk 1:05:01]} 20... gxf6 {[%clk 0:57:59]
} 21. Rac1 {[%clk 1:05:26]} 21... Qg8 {[%clk 0:56:45]} 22. Qxg4 {[%clk 1:05:49]
} 22... fxg5 {[%clk 0:56:29]} 23. Qxd7 1-0

[Event "DEM U10 2018"]
[Site "Willingen GER"]
[Date "2018.05.24"]
[Round "8"]
[White "Held, Momme Fredrik"]
[Black "Bongardt, Livius"]
[Result "1/2-1/2"]
[Termination "normal"]
[Board "13"]
[WhiteElo "1674"]
[BlackElo "1398"]
[PlyCount "71"]
[WhiteFideId "16237692"]
[BlackFideId "16265718"]
[EventCountry "GER"]
[EventRounds "11"]
[EventType "swiss"]
[EventDate "2018.05.19"]

1. e4 e5 2. Nf3 Nc6 3. Bc4 Bc5 4. c3 Nf6 5. d4 exd4 6. cxd4 Bb4+ 7. Bd2 Bxd2+
8. Nbxd2 d5 9. exd5 Nxd5 10. Qb3 Na5 11. Qa4+ Nc6 12. Qa3 Qe7+ 13. Qxe7+ Ncxe7
14. O-O h6 15. Rfe1 O-O 16. Rac1 c6 17. Ne4 a6 18. Nc3 Be6 19. Bxd5 Nxd5 20.
Nxd5 Bxd5 21. a3 Rfe8 22. Re3 Re6 23. Rce1 Rae8 24. Ne5 R8e7 25. Nd3 b6 26. Nb4
a5 27. Nxd5 cxd5 28. Kf1 Kf8 29. Ke2 Ke8 30. Kd3 Kd7 31. f4 Rxe3+ 32. Rxe3
Rxe3+ 33. Kxe3 Ke6 34. g4 g6 35. h4 h5 36. g5 1/2-1/2

[Event "DEM U10 2018"]
[Site "Willingen GER"]
[Date "2018.05.24"]
[Round "8"]
[White "Udelnov, Valentin"]
[Black "Policarpo, Raphael"]
[Result "1/2-1/2"]
[Termination "normal"]
[Board "14"]
[WhiteElo "1377"]
[BlackElo "1640"]
[PlyCount "88"]
[WhiteFideId "16265734"]
[BlackFideId "16237676"]
[EventCountry "GER"]
[EventRounds "11"]
[EventType "swiss"]
[EventDate "2018.05.19"]

1. e4 c5 2. Nf3 Nc6 3. d4 cxd4 4. Nxd4 Nf6 5. Nc3 e5 6. Ndb5 d6 7. Bg5 a6 8.
Na3 b5 9. Nd5 Be7 10. Bxf6 Bxf6 11. c3 Bg5 12. Nc2 O-O 13. a4 Rb8 14. b4 f5 15.
Bd3 Ne7 16. Nce3 fxe4 17. Bxe4 Nxd5 18. Nxd5 Bb7 19. O-O Bxd5 20. Qxd5+ Kh8 21.
axb5 axb5 22. Bd3 Qb6 23. Ra5 Qc7 24. Rxb5 Qxc3 25. Qxd6 Rbd8 26. Qxe5 Qxd3 27.
Qxg5 Rfe8 28. Re5 Rf8 29. g3 Qf3 30. Re7 Qc3 31. Qe5 Qxe5 32. Rxe5 h6 33. Rb1
Rd2 34. f4 Rc8 35. Re3 Rcc2 36. h4 Rg2+ 37. Kf1 Rgf2+ 38. Ke1 Rh2 39. Rf3 Rce2+
40. Kf1 Rc2 41. Kg1 Rcg2+ 42. Kf1 Rc2 43. Ke1 Rhe2+ 44. Kf1 Rh2 1/2-1/2

[Event "DEM U10 2018"]
[Site "Willingen GER"]
[Date "2018.05.24"]
[Round "8"]
[White "Klaska, Philipp Leon"]
[Black "Sauer, Tim"]
[Result "1/2-1/2"]
[Termination "normal"]
[Board "15"]
[WhiteElo "1272"]
[BlackElo "1378"]
[PlyCount "51"]
[WhiteFideId "16238044"]
[BlackFideId "16265726"]
[EventCountry "GER"]
[EventRounds "11"]
[EventType "swiss"]
[EventDate "2018.05.19"]

1. e4 c6 2. d4 d5 3. Nd2 dxe4 4. Nxe4 Bf5 5. Ng3 Bg6 6. h4 h6 7. h5 Bh7 8. Nf3
Nf6 9. Bd3 Bxd3 10. Qxd3 e6 11. Bd2 Nbd7 12. O-O-O Qc7 13. c4 c5 14. Kb1 O-O-O
15. Bc3 Ng4 16. Qe2 Ngf6 17. Ne5 Nxe5 18. dxe5 Nd7 19. f4 Be7 20. Ne4 Nb8 21.
Nd6+ Bxd6 22. exd6 Rxd6 23. Be5 Rxd1+ 24. Rxd1 Qe7 25. Bd6 Qf6 26. Be5 1/2-1/2